000 00333 a2200157 4500
001 58523
020 _a8503005913
040 _cAnchieta - Pituba
100 _aGiudice, Victor
240 1 0 _aO sétimo punhal
_lpor
245 1 0 _aO sétimo punhal
300 _a163
362 0 _a1995
650 4 _aFicção brasileira
942 _cBK
999 _c58523
_d58523